Active Directory : Kapesní rádce administrátora
Gespeichert in:
| 1. Verfasser: | |
|---|---|
| Format: | Buch |
| Sprache: | Tschechisch |
| Veröffentlicht: |
Brno :
Computer Press,
2009
|
| Ausgabe: | 1.vyd. |
| Tags: |
Keine Tags, Fügen Sie das erste Tag hinzu!
|
MARC
| LEADER | 00000nam a22000003a 4500 | ||
|---|---|---|---|
| 001 | stu202554 | ||
| 005 | 20150617230108.1 | ||
| 008 | 100420s2009----xr------------------cze-d | ||
| 020 | |a 978-80-251-2555-7 | ||
| 040 | |a STU |b slo | ||
| 041 | 0 | |a cze | |
| 044 | |a xr | ||
| 100 | 1 | |a Stanek, William R. |4 aut | |
| 245 | 1 | |a Active Directory : |b Kapesní rádce administrátora | |
| 250 | |a 1.vyd. | ||
| 260 | |a Brno : |b Computer Press, |c 2009 | ||
| 300 | |a 352 s | ||
| 500 | |a prel. z angl.orig. | ||
| 996 | |c I*9OP6168 |l I |s A |a 24 |w stu202554_0001 | ||
| 996 | |c I*9OP6167 |l I |s A |a 24 |w stu202554_0003 | ||